| 000 | 01148nam a22003497a 4500 | ||
|---|---|---|---|
| 003 | CHAP | ||
| 005 | 20220329133540.0 | ||
| 008 | 971013s1981 r 00010 d | ||
| 010 | _a7729 | ||
| 011 | _a8701 | ||
| 035 | _a7931 | ||
| 040 | _cCHAP | ||
| 090 | _aFolleto 7862 v.7 | ||
| 110 |
_aInternational Board for Plant Genetic Resources _959561 |
||
| 245 | _aGenetic resources of tomatoes and wild relatives | ||
| 260 |
_aRoma : _bIBPGR, _c1981 |
||
| 300 |
_a65 p. _b: ilus |
||
| 500 | _ac.4 en bodega | ||
| 590 |
_aBATCH-UPD _b10 _c20130110 _lUCH01 _h1616 |
||
| 590 |
_aBATCH-UPD _b10 _c20130410 _lUCH01 _h1011 |
||
| 590 |
_aBATCH-UPD _b10 _c20130914 _lUCH01 _h1322 |
||
| 590 |
_aCONVERSION _b10 _c20130109 _lUCH01 _h1305 |
||
| 650 | 1 | 4 |
_aRecursos genéticos. _995078 |
| 650 | 1 | 4 |
_aTomate _xGenética. _9113726 |
| 650 | 1 | 4 |
_aTomate _xGermoplasma. _9113728 |
| 700 | 0 |
_aEsquinas Alcázar, José T. _938143 |
|
| 901 | _aBK | ||
| 942 | _cFOLL | ||
| 949 |
_aFolleto 7862 v.7 _bBC _cFOLL _d-142273 _eTS2 _fc.2 _i7931 _si |
||
| 949 |
_aFolleto 7862 v.7 _bBC _cFOLL _d-142274 _eTS2 _fc.3 _i7931 _si |
||
| 949 |
_aFolleto 7862 v.7 _bBC _cFOLL _d-17907 _eTS1 _i7931 _mD _si |
||
| 999 |
_c7729 _d7729 |
||